000 00953nas a2200325 4500
001 BR2016004071
003 BR-BrBNA
005 20231205130624.0
007 ta
008 230509b bl.|||p| |||| 00| 00por d
040 _aBR-BrBNA
_bpor
_cBiblioteca Nacional de Agricultura
041 _a(Pt)
072 _aH20
100 1 _aCandeias, E.L.
100 1 _aSantos, M.L. do C.
100 1 _aDuarte, E.A.A.
100 1 _aOliveira, T.A.S. de
100 1 _aBezerra, J.L.
100 1 _aSoares, A.C.F.
245 1 _aFungos endofíticos de raízes de sizal antagonistas ao Aspergillus niger
650 _aSISAL
650 _aFUNGO
650 _aDOENÇA DE PLANTA
650 _aPODRIDÃO VERMELHA
650 _aPATÓGENO
773 0 _tAgrotrópica (Brazil)
_xISSN 0103-3816
_g(Jan-Apr 2016), v. 28(1) p. 29-36
_wBR2016004071
856 4 0 _dLink DSPACE/MAPA BR2016004071
909 _a202311
_bLúcia
_c55
_dLúcia Elande
942 _2AGRIS
_n0
_cANA
999 _c250394
_d250394